01457nam a22002537a 450000500170000000800410001702000150005804000070007304100080008008200220008810000360011024500760014626000450022230000260026752006390029365000270093265000280095965000230098765000180101070000360102894200120106499900190107695201080109520211231115031.0211231b ||||| |||| 00| 0 eng d a0929692667 cAL aeng 223a363.209bMIDI aMiddle East Watch Report912212 aIsraeli Army And the Intifada: Policies That Contribute To The Killings aNew YorkbMiddle East Watch Reportc1990 a231 p.bPBc22x15 cm. aHuman Rights Watch is one of the world’s leading independent organizations dedicated to defending and protecting human rights. By focusing international attention where human rights are violated, we give voice to the oppressed and hold oppressors accountable for their crimes. Our rigorous, objective investigations and strategic, targeted advocacy build intense pressure for action and raise the cost of human rights abuse. For more than 30 years, Human Rights Watch has worked tenaciously to lay the legal and moral groundwork for deep-rooted change and has fought to bring greater justice and security to people around the world. aPalestine Arabs912213 aPolice Shootings912214 aGaza Strips912215 aIsrael912216 aMiddle East Watch Report912212 2ddccGF c221036d221036 00102ddc40708OTHaALbALd2013-03-24l0o363.209 MIDIpGF03313r2021-12-31 00:00:00w2021-12-31yGF